ՀՀ Գիտությունների ազգային ակադեմիայի հիմնարար գիտական գրադարան  =   Fundamental Scientific Library of NAS RA

Психологические аспекты тренажеростроения : (Record no. 147055)

MARC details
000 -LEADER
fixed length control field 01317nam a2200241 u 4500
001 - CONTROL NUMBER
control field 000386384
003 - CONTROL NUMBER IDENTIFIER
control field AM-YeHGA
005 - DATE AND TIME OF LATEST TRANSACTION
control field 20250618072326.0
008 - FIXED-LENGTH DATA ELEMENTS--GENERAL INFORMATION
fixed length control field 041123s1984 ai r 000 0 rus d
040 ## - CATALOGING SOURCE
Original cataloging agency AM-YeHGA
041 0# - LANGUAGE CODE
Language code of text/sound track or separate title rus
090 ## - LOCALLY ASSIGNED LC-TYPE CALL NUMBER (OCLC); LOCAL CALL NUMBER (RLIN)
-- 148442
111 1# - MAIN ENTRY--MEETING NAME
Meeting name or jurisdiction name as entry element Всесоюзная конференция психологические аспекты тренажеростроения
Number of part/section/meeting (2 :
Date of meeting or treaty signing 1984 :
Location of meeting Цахкадзор)
245 10 - TITLE STATEMENT
Title Психологические аспекты тренажеростроения :
Remainder of title Материалы II Всесоюзной конференции: 17-19 апреля 1984 г., Цахкадзор, АрмССР /
Statement of responsibility, etc. ЕГУ, Минвуз АрмССР, Ин-т психологии АН СССР; Редкол.: Р.В. Агузумцян и др.
260 ## - PUBLICATION, DISTRIBUTION, ETC.
Place of publication, distribution, etc. Ереван :
Name of publisher, distributor, etc. Изд-во Ерев. ун-та,
Date of publication, distribution, etc. 1984.
300 ## - PHYSICAL DESCRIPTION
Extent 1, 2 ч. ;
Dimensions 20 см.
505 00 - FORMATTED CONTENTS NOTE
Formatted contents note Ч. 1 (230 с.); Ч. 2 (264 с.)
650 14 - SUBJECT ADDED ENTRY--TOPICAL TERM
Topical term or geographic name entry element Психология
General subdivision Тренажеростроение
700 1# - ADDED ENTRY--PERSONAL NAME
Personal name Աղուզումցյան, Ռուբեն Վազգենի,
Dates associated with a name 1945-
Relator term ред.
Relationship edt
9 (RLIN) 2120
710 2# - ADDED ENTRY--CORPORATE NAME
Corporate name or jurisdiction name as entry element Ереванский государственный университет
710 2# - ADDED ENTRY--CORPORATE NAME
Corporate name or jurisdiction name as entry element Минвуз АрмССР
710 2# - ADDED ENTRY--CORPORATE NAME
Corporate name or jurisdiction name as entry element Институт психологии АН СССР
Holdings
Withdrawn status Lost status Damaged status Not for loan Collection Home library Current library Date acquired Serial enumeration / chronology Total checkouts Full call number Barcode Date last seen Price effective from Koha item type Public note
        General Fundamental Scientific Library Fundamental Scientific Library 22/12/2016 Ч. 1   PII/521817 FL0191102 22/12/2016 22/12/2016 Գրքեր / Books 30 Days Loan
        General Fundamental Scientific Library Fundamental Scientific Library 22/12/2016 Ч. 1   PII/521818 FL0191103 22/12/2016 22/12/2016 Գրքեր / Books 30 Days Loan
        General Fundamental Scientific Library Fundamental Scientific Library 22/12/2016 Ч. 2   PII/521819 FL0191104 22/12/2016 22/12/2016 Գրքեր / Books 30 Days Loan
        General Fundamental Scientific Library Fundamental Scientific Library 22/12/2016 Ч. 2   PII/521820 FL0191105 22/12/2016 22/12/2016 Գրքեր / Books 30 Days Loan


ՀՀ ԳԱԱ հիմնարար գիտական գրադարան
ՀՀ,Երևան 0019
Մարշալ Բաղրամյան 24/6
հեռախոս:(374-10) 52-47-50
Հետադարձ կապ

All site content, except where otherwise noted, is licensed under a
Creative Commons License